Library Logo

Pioneer International University Library Catalogue

ROBOTICS (Record no. 9933)

MARC details
000 -LEADER
fixed length control field 00349nam a22001457a 4500
003 - CONTROL NUMBER IDENTIFIER
control field OSt
005 - DATE AND TIME OF LATEST TRANSACTION
control field 20260204092505.0
008 - FIXED-LENGTH DATA ELEMENTS--GENERAL INFORMATION
fixed length control field 260204b |||||||| |||| 00| 0 eng d
020 ## - INTERNATIONAL STANDARD BOOK NUMBER
International Standard Book Number 0385194145
040 ## - CATALOGING SOURCE
Transcribing agency AN OMNI PRESS BOOK
050 ## - LIBRARY OF CONGRESS CALL NUMBER
Classification number PIUDLMUR930
245 ## - TITLE STATEMENT
Title ROBOTICS
Statement of responsibility, etc. MINSKY, MARVIN
260 ## - PUBLICATION, DISTRIBUTION, ETC.
Place of publication, distribution, etc. USA
Name of publisher, distributor, etc. ANCHOR PRESS
Date of publication, distribution, etc. 1985
942 ## - ADDED ENTRY ELEMENTS (KOHA)
Source of classification or shelving scheme Dewey Decimal Classification
Koha item type Books
Suppress in OPAC No
Holdings
Withdrawn status Lost status Source of classification or shelving scheme Damaged status Not for loan Home library Current library Date acquired Total checkouts Barcode Date last seen Price effective from Koha item type
    Library of Congress Classification     PIU Library PIU Library 02/04/2026   PIUDMUR930 02/04/2026 02/04/2026 Books